Statistics for Celtic Players to have Scored - 2003/04 - 2014/15

Click here to take the quiz!

General Stats

  • This quiz has been taken 217 times
  • The average score is 53 of 101

Answer Stats

Position Nationality Answer % Correct
FWSwedenHenrik Larsson
93%
MFScotlandScott Brown
82%
FWEnglandChris Sutton
81%
FWWalesJohn Hartson
81%
MFJapanShunsuke Nakamura
80%
MFKorea Rep.Ki Sung-Yeung
79%
DFGuineaBobo Balde
78%
FWGuinea-BissauAmido Balde
76%
FWIrelandRobbie Keane
76%
MFIrelandRoy Keane
76%
MFIrelandAiden McGeady
74%
MFScotlandPaul McGowan
74%
MFScotlandCallum McGregor
74%
MFScotlandDylan McGeouch
74%
MFNorthern IrelandNiall McGinn
74%
FWGreeceGeorgios Samaras
73%
FWAustraliaScott McDonald
73%
MFKenyaVictor Wanyama
72%
FWScotlandLeigh Griffiths
71%
MFBulgariaStiliyan Petrov
70%
MFNorthern IrelandNeil Lennon
70%
DFHondurasEmilio Izaguirre
69%
MFWalesJoe Ledley
69%
DFNetherlandsVirgil Van Dijk
69%
MFIsraelNir Biton
66%
MFIsraelBeram Kayal
65%
FWNetherlandsJan Vennegoor of Hesselink
65%
FWEnglandGary Hooper
64%
DFSwedenMikael Lustig
63%
DFScotlandStephen McManus
63%
FWIrelandAnthony Stokes
63%
DFNigeriaEfe Ambrose
61%
MFScotlandShaun Maloney
60%
FWFinlandTeemu Pukki
59%
DFEnglandJosh Thompson
59%
MFEnglandAlan Thompson
59%
DFKorea Rep.Cha Du-Ri
58%
DFScotlandGary Caldwell
57%
FWWalesCraig Bellamy
55%
FWScotlandKenny Miller
55%
DFWalesAdam Matthews
55%
FWPolandMaciej Zurawski
54%
MFIrelandLiam Miller
53%
DFFranceDidier Agathe
53%
DFScotlandMark Wilson
53%
MFNorthern IrelandPaddy McCourt
52%
MFScotlandKris Commons
52%
MFNorwayStefan Johansen
52%
DFScotlandJackie McNamara
52%
MFScotlandPaul Lambert
52%
MFItalyMassimo Donati
52%
MFBrazilJuninho
51%
FWSwedenJohn Guidetti
51%
FWSenegalHenri Camara
50%
DFGermanyAndreas Hinkel
49%
FWNew ZealandChris Killen
49%
MFScotlandJames Forrest
49%
FWVenezuelaMiku
49%
MFSpainMarc Crosas
49%
DFSlovakiaStanislav Varga
48%
MFScotlandStuart Armstrong
48%
DFBelgiumJason Denayer
46%
FWScotlandTony Watt
46%
DFIrelandDarren O'Dea
45%
MFJapanKoki Mizuno
45%
MFScotlandGary Mackay-Steven
45%
DFScotlandCharlie Mulgrew
45%
MFChinaZheng Zhi
44%
MFDenmarkThomas Gravesen
44%
FWSerbiaStefan Scepovic
44%
DFMexicoEfrain Juarez
42%
FWTunisiaLassad
42%
MFScotlandBarry Robson
41%
MFNetherlandsEvander Sno
41%
DFEnglandLee Naylor
41%
MFCzech Rep.Jiri Jarosik
41%
FWSenegalDiomansy Kamara
40%
DFGuineaMohammed Sylla
40%
FWDenmarkMorten Rasmussen
40%
DFSwedenDaniel Majstorovic
39%
DFMoroccoBadr El Kaddouri
38%
FWIrelandDaryl Murphy
38%
MFScotlandPaul Hartley
38%
DFNorwayThomas Rogne
36%
FWFranceMarc-Antoine Fortune
35%
MFScotlandJamie Smith
35%
DFCameroonJean-Joel Perrier-Doumbe
33%
DFScotlandJohn Kennedy
33%
MFNetherlandsDerk Boerrigter
33%
DFNetherlandsGlenn Loovens
32%
DFIsraelRami Gershon
31%
FWEnglandDion Dublin
31%
DFScotlandPaul Telfer
30%
MFGhanaMubarak Wakaso
30%
MFScotlandStephen Pearson
30%
FWScotlandCraig Beattie
30%
MFScotlandDerek Riordan
30%
DFScotlandSteven Pressley
29%
FWBosnia and HerzBahrudin Atajic
28%
MFScotlandRoss Wallace
23%
MFIrelandLiam Henderson
23%

Score Distribution

Percentile by Number Answered

Percent of People with Each Score

Your Score History

You have not taken this quiz